Turistické produkty

Bibliographic Details
Main Author: Šambronská, Kristína, 1976- (Author)
Format: Book
Language:Slovak
PhysicalDescription:93 s. ilustr. 24 cm
Published: Prešov Bookman 2017
ISBN:9788081652370
Edition:2. vyd.
Subjects:

MARC

LEADER 00000cam a2200000 a 4500
001 vtls011720269
003 SK-MaSNL
005 20260301222315.0
008 200104s2017 xo d f p 000 0 slo
015 |a SNBA2018 
020 |a 9788081652370  |q (brožované) 
035 |a urn:nbn:sk:snk-am00d27m 
035 |a urn:nbn:sk:snk-am3hj6u 
035 |a 7BFC7E88-5D78-4D97-BAA3-D3A6650B4745 
040 |a SNK  |b slo  |c SNK  |e AACR2 
041 0 |a slo 
044 |a xo  |c SK 
072 7 |a 338.3/.4  |x Hospodárske a výrobné odvetvia  |2 konspekt 
072 7 |a 37.016  |x Učebné osnovy. Vyučovacie predmety. Učebnice  |2 konspekt 
080 |a 338.48  |2 2011 
080 |a 005  |2 2011 
080 |a 339.138  |2 2011 
080 |a (075.8)  |2 2011 
100 1 |a Šambronská, Kristína,  |d 1976-  |4 aut  |9 192877 
245 1 0 |a Turistické produkty  |c Kristína Šambronská 
250 |a 2. vyd. 
260 |a Prešov  |b Bookman  |c 2017 
300 |a 93 s.  |b ilustr.  |c 24 cm 
366 |e 100 výtl. 
504 |a Bibliografia s. 90-93 
650 0 7 |a cestovný ruch  |2 SNKPH  |9 999 
650 0 7 |a marketing cestovného ruchu  |2 SNKPH  |9 94109 
650 0 7 |a manažment cestovného ruchu  |2 SNKPH  |9 4170 
650 0 7 |a Tourism  |2 SNKPHeng  |9 266335 
650 0 7 |a Tourism marketing  |2 SNKPHeng  |9 333218 
650 0 7 |a Tourism management  |2 SNKPHeng  |9 329720 
655 7 |a učebnice vysokých škôl  |2 SNKPH  |9 70191 
655 7 |a Textbooks (higher)  |2 SNKPHeng  |9 276436 
919 |a 978-80-8165-237-0 
999 |c 939413  |d 941343 
952 |a SNK  |b SNK  |y PREZ  |7 0  |p 17A1319915  |o snkSC 178011  |i snk2018/3254  |8 0  |0 0  |1 0  |4 0  |d 2018-02-05  |f 1  |l 0  |r 2025-09-19 00:00:00  |w 2026-02-24 
952 |a SNK  |b SNK  |y VYP  |7 0  |p 17A1319916  |o snkSC 178011 D1  |i snk2018/3255  |8 0  |0 0  |1 0  |4 0  |d 2018-02-05  |l 0  |r 2026-02-24 09:14:16  |w 2026-02-24